000 00852nam a2200265 a 4500
001 70004
003 BD-RjUL
005 20211209081944.0
008 170415s1956 e a 001 0 eng d
020 _a0070520704
035 _a(BD-RjUL)70216
040 _aBD-RjUL
_beng
_cBD-RjUL
041 _aeng
082 _a669
_223
_bRHP 1956
100 1 _aRhines, Frederick Nims.
_9207344
245 1 0 _aPhase diagrams in metallurgy :
_btheir development and application /
_cFrederick N. Rhines
260 _aNew York ;
_aLondon :
_bMcGraw-Hill,
_c1956
300 _aix, 340 p. :
_bill ;
_c24 cm
490 1 _aMetallurgy and metallurgical engineering series
500 _aIncludes index
650 0 _aMetallurgy
_9207345
650 0 _aPhase diagrams, Ternary
_9207346
830 0 _aMetallurgy and metallurgical engineering series
_9207347
942 _2ddc
_cBK
999 _c70004
_d70004